000 00520nam a2200181Ia 4500
005 20250508160850.0
008 008 250505s9999 xx 000 0 eng d
037 _aBooks to be hide in OPAC
040 _aFEDL
_beng
_cFEDL
041 _aeng
_2eng
084 _qFEDL
100 _aLal Sham Ed.
_9769599
245 0 _aTimes of India directory and year book: Including who's who 1974-75
260 _aBombay, India
_bThe Times of India Press
300 _acxcvi,756p.
942 _cHB
999 _c1367072
_d1367072